The Story of rubber. 3. Belated recognition to Fresneau (Record no. 72979)

MARC details
000 -LEADER
fixed length control field 00353nam a2200145Ia 4500
100 ## - MAIN ENTRY--AUTHOR NAME
Personal name Thomas K.K.
245 #4 - TITLE STATEMENT
Title The Story of rubber. 3. Belated recognition to Fresneau
260 ## - PUBLICATION, DISTRIBUTION, ETC. (IMPRINT)
Name of publisher Rubber
Year of publication 2003
300 ## - PHYSICAL DESCRIPTION
Number of Pages 30-33
650 ## - SUBJECT ADDED ENTRY--TOPICAL TERM
Topical Term Biography
650 ## - SUBJECT ADDED ENTRY--TOPICAL TERM
Topical Term Fresneau
650 ## - SUBJECT ADDED ENTRY--TOPICAL TERM
Topical Term History
942 ## - ADDED ENTRY ELEMENTS (KOHA)
Koha item type Malayalam
Holdings
Withdrawn status Lost status Damaged status Not for loan Home library Current library Date acquired Serial Enumeration / chronology Koha item type
      Journals RRII Library RRII Library 29/12/2021 Volume, Issue 453 Malayalam